000 00478nam a2200181Ia 4500
008 090123s9999 xx 000 0 und d
082 _b1074
100 _aगोखले अरविंद
245 _aकथाई
250 _a2
260 _bकुलकर्णी अ.अ.
300 _a152
600 _aगोखले अरविंद
630 _aकथाई
700 _aगोखले अरविंद
730 _aकथाई
942 _cBOOK
999 _c39158
_d39158